书目信息 |
| 题名: |
第14回韩国语能力考试真题及解析·中级
|
|
| 作者: | ;心舟 译 ;韩国教育课程评价院 编著 | |
| 分册: | ||
| 出版信息: | 北京 北京大学出版社 2010.02 |
|
| 页数: | 135页 | |
| 开本: | 21cm | |
| 丛书名: | 韩国语能力考试必备系列 | |
| 单 册: | ||
| 中图分类: | H55 | |
| 科图分类: | ||
| 主题词: | 朝鲜语--chao xian yu--水平考试--习题 | |
| 电子资源: | ||
| ISBN: | 978-7-301-16818-9 | |
| 000 | 01123nam 2200277 450 | |
| 001 | 012010964227 | |
| 005 | 20100410152157.95 | |
| 010 | @a978-7-301-16818-9@dCNY18.00 (含光盘) | |
| 016 | @aCN-A20-10-0000-0@b光盘 | |
| 100 | @a20100407d2010 em y0chiy0120 ea | |
| 101 | 2 | @achi@akor@ckor |
| 102 | @aCN@b110000 | |
| 105 | @aa z 000yy | |
| 106 | @ar | |
| 200 | 1 | @a第14回韩国语能力考试真题及解析·中级@Adi 14 hui han guo yu neng li kao shi zhen ti ji jie xi·zhong ji@f韩国教育课程评价院编著@Fhan guo jiao yu ke cheng ping jia yuan bian zhu@g心舟译@Gxin zhou yi |
| 210 | @a北京@c北京大学出版社@d2010.02 | |
| 215 | @a135页@c图@d21cm@e光盘1片 | |
| 225 | 2 | @a韩国语能力考试必备系列@Ahan guo yu neng li kao shi bi bei xi lie |
| 330 | @a本书内容包括:韩国语能力考试介绍,韩国语能力考试真题/答案/解析及例句,词汇与语法等。 | |
| 410 | 0 | @12001 @a韩国语能力考试必备系列 |
| 606 | 0 | @a朝鲜语@Achao xian yu@x水平考试@j习题 |
| 690 | @aH55@v4 | |
| 702 | 0 | @a心舟@Axin zhou@4译 |
| 711 | 02 | @a韩国教育课程评价院@Ahan guo jiao yu ke cheng ping jia yuan@4编著 |
| 801 | 0 | @aCN@bQSSK@c20100410 |
| 905 | @b775494-98@dH55@eX506@f5 | |
| 第14回韩国语能力考试真题及解析·中级/韩国教育课程评价院编著/心舟译.-北京:北京大学出版社,2010.02 |
| 135页:图;21cm+光盘1片.-(韩国语能力考试必备系列) |
| ISBN 978-7-301-16818-9:CNY18.00 (含光盘) |
| 本书内容包括:韩国语能力考试介绍,韩国语能力考试真题/答案/解析及例句,词汇与语法等。 |
| ● |
| 相关链接 |
|
|
|
正题名:第14回韩国语能力考试真题及解析·中级
索取号:H55/X506
 
预约/预借
| 序号 | 登录号 | 条形码 | 馆藏地/架位号 | 状态 | 备注 |
| 1 | 775494 | 207754946 | 语言库209/209语言库 136排1列5层/ [索取号:H55/X506] | 在馆 | |
| 2 | 775495 | 207754955 | 语言库209/209语言库 136排1列5层/ [索取号:H55/X506] | 在馆 | |
| 3 | 775496 | 207754964 | 语言库209/209语言库 136排1列5层/ [索取号:H55/X506] | 在馆 | |
| 4 | 775497 | 207754973 | 语言库209/209语言库 136排1列5层/ [索取号:H55/X506] | 在馆 | |
| 5 | 775498 | 207754982 | 语言库209/209语言库 136排1列5层/ [索取号:H55/X506] | 在馆 |